Does public administration higher education CEECs reflect demands created by NPM reforms?
Sumarizácia NPM (new public management approach) prístupov v reforme verejnej správy v krajinách strednej a východnej Európy. Outsourcing podporných služieb vo verejných organizáciách.
Uložené v:
| Hlavný autor: | |
|---|---|
| Ďalší autori: | , , |
| Médium: | Kapitola |
| Jazyk: | English |
| Predmet: | |
| Tagy: |
Žiadne tagy, Buďte prvý, kto otaguje tento záznam!
|
MARC
| LEADER | 00000naa a2200000 4500 | ||
|---|---|---|---|
| 001 | 0146448 | ||
| 005 | 20231129073706.6 | ||
| 041 | 0 | |a eng | |
| 044 | |a CZ | ||
| 245 | 1 | 0 | |a Does public administration higher education CEECs reflect demands created by NPM reforms? |c Juraj Nemec, David Špaček, Patrycja Suwaj, Artur Modrzejewski |
| 520 | |a Sumarizácia NPM (new public management approach) prístupov v reforme verejnej správy v krajinách strednej a východnej Európy. Outsourcing podporných služieb vo verejných organizáciách. | ||
| 610 | 2 | 0 | |a správa verejná |
| 610 | 2 | 0 | |a manažment verejnej správy |
| 610 | 2 | 0 | |a služba verejná |
| 610 | 2 | 0 | |a reformy |
| 610 | 2 | 0 | |a vzdelávanie ďalšie |
| 610 | 2 | 0 | |a zamestnanci |
| 610 | 2 | 0 | |a outsourcing |
| 100 | 1 | |a Nemec, Juraj | |
| 700 | 1 | |a Špaček, David | |
| 700 | 1 | |a Suwaj, Patrycja | |
| 700 | 1 | |a Modrzejewski, Artur | |